La evolución de la conciencia religiosa : la religión en la historia de la humanidad /

Obra que analiza hasta qué punto la religión ha marcado la historia cultural de la humanidad y en qué medida es importante para el individuo, que necesita afrontar su existencia. El autor ofrece una visión sinóptica de la historia de las religiones y revela que tras la pluralidad de manifestaciones...

Πλήρης περιγραφή

Αποθηκεύτηκε σε:
Λεπτομέρειες βιβλιογραφικής εγγραφής
Κύριος συγγραφέας: Ohlig, Karl-Heinz (autor)
Μορφή: Βιβλίο
Γλώσσα:Ισπανικά
Έκδοση: Barcelona, España : Herder, 2004, c2004
Θέματα:
Ετικέτες: Προσθήκη ετικέτας
Δεν υπάρχουν, Καταχωρήστε ετικέτα πρώτοι!

MARC

LEADER 00000nam^a2200000^a^4500
001 000259223
005 20250521000000.0
009 20260310110359.806
020 |a 84-254-2301-5 
037 |a Acervo Xavier Clavigero 
041 |a ESP 
082 |a 200. 9  |b OHL 
100 |a Ohlig, Karl-Heinz  |e (autor) 
245 1 3 |a La evolución de la conciencia religiosa :  |b la religión en la historia de la humanidad /  |c K.H. Ohlig ; tr. por Marciano Villanueva Salas. 
264 4 |a Barcelona, España :  |b Herder,  |c 2004, c2004 
300 |a 318 p. 
336 |a texto  |b txt  |2 rdacontenido 
337 |a sin mediación  |b n  |2 rdamedio 
338 |a volumen  |b nc  |2 rdasoporte 
500 |a Traducción de: Religion in der Geschichte der Menschheit 
520 |a Obra que analiza hasta qué punto la religión ha marcado la historia cultural de la humanidad y en qué medida es importante para el individuo, que necesita afrontar su existencia. El autor ofrece una visión sinóptica de la historia de las religiones y revela que tras la pluralidad de manifestaciones religiosas, existe una unidad fundamental en los presupuestos de cada religión. 
649 |a XX 
650 |a Dios 
650 |a Monoteísmo 
650 |a Politeísmo 
650 |a Monismo 
650 |a Dualismo 
650 |a Religión Comparada 
650 |a Sociología de la Religión 
650 |a Religión -  |x Historia 
910 |a Fondo General 
920 |a Impresos - Libros 
930 |a Colección General 
905 |a 101 
901 |a 0500109044  |b IT1  |c ACC  |u 20250521 
902 |a https://opac.biblio.iteso.mx/vufind/Record/000259223